| 000 | 00408nam a22001337a 4500 | ||
|---|---|---|---|
| 008 | 230221b |||||||| |||| 00| 0 eng d | ||
| 040 |
_aNational Science Library _cNational Science Library |
||
| 080 |
_aR 539.1(03) _bK3 |
||
| 245 |
_aGlossary of atomic terms _c/ Atomic Energy Authority |
||
| 260 |
_aLondon: _bAtomic Energy Authority, _c1962 |
||
| 300 | _a62p. | ||
| 650 | _aScience | ||
| 942 |
_2udc _cREF |
||
| 999 |
_c47341 _d47341 |
||